<?xml version="1.0" encoding="UTF-8"?>
<record
    xmlns:xsi="http://www.w3.org/2001/XMLSchema-instance"
    xsi:schemaLocation="http://www.loc.gov/MARC21/slim http://www.loc.gov/standards/marcxml/schema/MARC21slim.xsd"
    xmlns="http://www.loc.gov/MARC21/slim">

  <leader>     nam a22     7a 4500</leader>
  <datafield tag="999" ind1=" " ind2=" ">
    <subfield code="c">51335</subfield>
    <subfield code="d">51335</subfield>
  </datafield>
  <controlfield tag="003">OSt</controlfield>
  <controlfield tag="005">20220325104614.0</controlfield>
  <controlfield tag="008">220325b        xxu||||| |||| 00| 0 eng d</controlfield>
  <datafield tag="040" ind1=" " ind2=" ">
    <subfield code="c">IIMT COLLEGE OF PHARMACY, GREATER NOIDA</subfield>
  </datafield>
  <datafield tag="100" ind1=" " ind2=" ">
    <subfield code="a">ZDANOWICZ, MARTIN M.</subfield>
  </datafield>
  <datafield tag="245" ind1=" " ind2=" ">
    <subfield code="a">ESSENTIALS OF PATHOPHYSIOLOGY FOR PHARMACY</subfield>
  </datafield>
  <datafield tag="260" ind1=" " ind2=" ">
    <subfield code="b">CRC PRESS</subfield>
    <subfield code="c">2017</subfield>
  </datafield>
  <datafield tag="300" ind1=" " ind2=" ">
    <subfield code="a">228</subfield>
  </datafield>
  <datafield tag="942" ind1=" " ind2=" ">
    <subfield code="2">ddc</subfield>
    <subfield code="c">02</subfield>
  </datafield>
  <datafield tag="952" ind1=" " ind2=" ">
    <subfield code="0">0</subfield>
    <subfield code="1">0</subfield>
    <subfield code="2">ddc</subfield>
    <subfield code="4">0</subfield>
    <subfield code="7">0</subfield>
    <subfield code="a">12</subfield>
    <subfield code="b">12</subfield>
    <subfield code="d">2022-03-25</subfield>
    <subfield code="e">KRITI</subfield>
    <subfield code="g">750.00</subfield>
    <subfield code="i">IN-3661</subfield>
    <subfield code="l">0</subfield>
    <subfield code="p">12-B-6272</subfield>
    <subfield code="r">2022-03-25</subfield>
    <subfield code="w">2022-03-25</subfield>
    <subfield code="y">02</subfield>
  </datafield>
  <datafield tag="952" ind1=" " ind2=" ">
    <subfield code="0">0</subfield>
    <subfield code="1">0</subfield>
    <subfield code="2">ddc</subfield>
    <subfield code="4">0</subfield>
    <subfield code="7">0</subfield>
    <subfield code="a">12</subfield>
    <subfield code="b">12</subfield>
    <subfield code="d">2022-03-25</subfield>
    <subfield code="e">KRITI</subfield>
    <subfield code="g">750.00</subfield>
    <subfield code="i">IN-3661</subfield>
    <subfield code="l">1</subfield>
    <subfield code="p">12-B-6273</subfield>
    <subfield code="r">2022-08-10</subfield>
    <subfield code="s">2022-05-10</subfield>
    <subfield code="w">2022-03-25</subfield>
    <subfield code="y">02</subfield>
  </datafield>
  <datafield tag="952" ind1=" " ind2=" ">
    <subfield code="0">0</subfield>
    <subfield code="1">0</subfield>
    <subfield code="2">ddc</subfield>
    <subfield code="4">0</subfield>
    <subfield code="7">0</subfield>
    <subfield code="a">12</subfield>
    <subfield code="b">12</subfield>
    <subfield code="d">2022-03-25</subfield>
    <subfield code="e">KRITI</subfield>
    <subfield code="g">750.00</subfield>
    <subfield code="i">IN-3661</subfield>
    <subfield code="l">2</subfield>
    <subfield code="p">12-B-6274</subfield>
    <subfield code="r">2023-07-27</subfield>
    <subfield code="s">2023-05-04</subfield>
    <subfield code="w">2022-03-25</subfield>
    <subfield code="y">02</subfield>
  </datafield>
  <datafield tag="952" ind1=" " ind2=" ">
    <subfield code="0">0</subfield>
    <subfield code="1">0</subfield>
    <subfield code="2">ddc</subfield>
    <subfield code="4">0</subfield>
    <subfield code="7">0</subfield>
    <subfield code="a">12</subfield>
    <subfield code="b">12</subfield>
    <subfield code="d">2022-03-25</subfield>
    <subfield code="e">KRITI</subfield>
    <subfield code="g">750.00</subfield>
    <subfield code="i">IN-3661</subfield>
    <subfield code="l">1</subfield>
    <subfield code="p">12-B-6275</subfield>
    <subfield code="r">2022-10-12</subfield>
    <subfield code="s">2022-06-10</subfield>
    <subfield code="w">2022-03-25</subfield>
    <subfield code="y">02</subfield>
  </datafield>
  <datafield tag="952" ind1=" " ind2=" ">
    <subfield code="0">0</subfield>
    <subfield code="1">0</subfield>
    <subfield code="2">ddc</subfield>
    <subfield code="4">0</subfield>
    <subfield code="7">0</subfield>
    <subfield code="a">12</subfield>
    <subfield code="b">12</subfield>
    <subfield code="d">2022-03-25</subfield>
    <subfield code="e">KRITI</subfield>
    <subfield code="g">750.00</subfield>
    <subfield code="i">IN-3661</subfield>
    <subfield code="l">3</subfield>
    <subfield code="p">12-B-6276</subfield>
    <subfield code="r">2022-08-06</subfield>
    <subfield code="s">2022-06-09</subfield>
    <subfield code="w">2022-03-25</subfield>
    <subfield code="y">02</subfield>
  </datafield>
</record>
